00745 a2200169 45000010006000000050017000060080041000230030015000640400040000790800073001192450055001922500011002472640043002583000019003015050237003201000018005572199820260407155509.0260407a1990 arg spa dAR-UNSa-BCEJYS aAR-UNSa-BCEJYSbspacAR-UNSa-BCEJYS a657.3xPresupuestos. Cierre de Cuentas. Balances (Estados Contables)10aInterpretación y análisis de estados contables a2a. ed 1aBuenos Aires :bEdiciones Macchic1990 a146 p.c28 cm. a1. Valores - 2. Estados contables - 3. Los cambios en la posición financieras de las empresas - 4. Tipos de análisis con estados contables - 5. Caso Base - 6. Presentación de informes sobre el análisis de estados contables. 1 aBiondi, Mario